=LDR 00000nam 2200000 4500 =001 INLIS000000000054569 =005 20200213020431 =035 ##$$a 0010-0220000131 =007 ta =008 200213###########################0#ind## =020 ##$$a 978-979-055-528-0 =082 ##$$a 297.73 =084 ##$$a 297.73 Sri e =245 1#$$a Ensiklopedia Al Qur'an /$c Sri Al Hidayati =250 ##$$a Cet 3 =300 ##$$a iii, 29 halaman : $b Ilustrasi ; $c 27 Cm =650 #4$$a Pendidikan Islam =700 #$$a Editor ; Abdul Wahab =740 ##$$a Quranic Questions & Answers =264 ##$$a Bandung :$b Sygma Kaya Imaji,$c 2018 =336 ##$$a teks$2 rdacontent =337 ##$$a lain-lain$2 rdamedia =338 ##$$a lain-lain$2 rdacarrier =990 ##$$a 03860386 =990 ##$$a 03860386